Statistiques concernant Capitales mondiales les plus proches de Taipei

Cliquez ici pour prendre le quiz!

Statistiques générales

  • Ce quiz a été pris 36 fois
  • Le résultat moyen est 13 sur 20

Statistiques - réponses

kmcapitale% Correct
1722Pékin
100%
2105Tokyo
97%
1491Séoul
91%
3829Jakarta
89%
3250Singapour
86%
2543Bangkok
83%
3237Kuala Lumpur
80%
1601Pyongyang
80%
1160Manille
77%
1667Hanoï
71%
2849Oulan-Bator
63%
2308Vientiane
63%
2310Phnom Penh
54%
3155Dacca
51%
3611Katmandou
49%
2348Bandar Seri
Begawan
40%
3188Thimphou
40%
3760Dili
37%
2676Naypyidaw
34%
2395Ngerulmud
11%

Distribution des résultats

Percentile par nombre de réponses

% des personnes avec chaque résultat

Votre développement - résultats

Vous n’avez pas pris ce quiz